000 00833nam a2200241 i 4500
001 13458
003 ES-MaACL
005 20250524063043.0
007 t|
008 980407s1997 sp |||| | spa d
020 _a84-7658-519-5
080 _a821.134.2-312.4.09"19"
100 1 _aResina, Joan Ramon,
_d1956-
_996325
245 1 3 _aEl cadáver en la cocina
_b: la novela criminal en la cultura del desencanto /
_cJoan Ramon Resina.
250 _a1ª ed.
260 _aBarcelona :
_bAnthropos,
_c1997.
300 _a303 p. ;
_c20 cm.
490 1 _aContemporáneos. Literatura y teoría literaria ;
_v48
650 1 4 _aNovela policíaca española-
_xHistoria y crítica
_915625
830 0 _aContemporáneos. Literatura y teoría literaria ;
_v48
_9228417
852 _aES-MaACL
_jL-20812
999 _c13458
_d13458